Statistics for business (Record no. 16291)

000 -LEADER
fixed length control field 00395cam a2200157 4500
020 ## - INTERNATIONAL STANDARD BOOK NUMBER
ISBN 0574184651
020 ## - INTERNATIONAL STANDARD BOOK NUMBER
ISBN 9780574184658
040 ## - CATALOGING SOURCE
Transcribing agency DLC
082 ## - DEWEY DECIMAL CLASSIFICATION NUMBER
Classification number 519 SCI 1973 A023 Or.
100 1# - MAIN ENTRY--AUTHOR NAME
Personal name Newton, Byron L.
245 10 - TITLE STATEMENT
Title Statistics for business
260 ## - PUBLICATION, DISTRIBUTION, ETC. (IMPRINT)
Place of publication Chicago,
Name of publisher Science Research Associates
Year of publication [1973]
300 ## - PHYSICAL DESCRIPTION
Number of Pages ix, 553 p.
Other physical details illus.
Dimensions 24 cm.
650 #0 - SUBJECT ADDED ENTRY--TOPICAL TERM
Topical Term Statistics.
942 ## - ADDED ENTRY ELEMENTS (KOHA)
Koha item type សៀវភៅភាសាអង់គ្លេស
952 ## - LOCATION AND ITEM INFORMATION (KOHA)
Withdrawn status [LOCAL, KOHA] 0
Holdings
Permanent Location Date acquired Koha item type Lost status Shelving location Barcode Current Location Full call number
Library Block A2018-02-02សៀវភៅភាសាអង់គ្លេស A023A23783Library Block A519 SCI 1973 A023 Or.
មជ្ឈមណ្ឌលឯការនៃសាកលវិទ្យាល័យភូមិន្ទកសិកម្មចំការដូង

Powered by Koha